Αναδίφηση εκκλησιαστικής εκπαίδευσης

Αποθηκεύτηκε σε:
Λεπτομέρειες βιβλιογραφικής εγγραφής
Κύριος συγγραφέας: Χριστοφορίδης, Θεόδωρος, 1968-
Άλλοι συγγραφείς: Ρώσσιου, Αικατερίνη, 1967-
Μορφή: Βιβλίο
Γλώσσα:Greek
Δημοσίευση: Κιλκίς : Ζήτη, 2006
Θέματα:
Ετικέτες: Προσθήκη ετικέτας
Δεν υπάρχουν, Καταχωρήστε ετικέτα πρώτοι!

MARC

LEADER 00000cam a2200000 i 4500
001 1/17007
008 111206s2006 gre d
020 |a 960-456-032-8 
035 |l 10111559 
040 |a GR-MY-UA  |b gre  |e aacr 
041 0 |a gre 
082 0 |a 281.9495  |2 (22) 
100 1 |a Χριστοφορίδης, Θεόδωρος,   |d 1968- 
245 1 0 |a Αναδίφηση εκκλησιαστικής εκπαίδευσης /  |c Θεόδωρος Χριστοφορίδης, Αικατερίνη Ρώσσιου 
260 |a Κιλκίς :   |b Ζήτη,   |c 2006 
300 |a 557 σ.;  |b πιν.;  |c 24 εκ. 
504 |a Βιβλιογραφία: σ. 525-557 
650 0 0 |a Christian education  |z Greece. 
650 0 0 |a Church and education  |z Greece  |x History. 
700 1 |a Ρώσσιου, Αικατερίνη,   |d 1967- 
852 |a INST  |b RHODES  |e 20111206  |h 281.9495 ΧΡΙ  |p 005400033861  |q 005400033861  |t BK  |y 0 
901 |a BIBL4-2011-3 
909 |a Ρ  |b 170505 
922 |a 4ΕΛΗ 
970 |z 2011/12/06